000 00962nas a2200325 4500
001 BR2012003796
003 BR-BrBNA
005 20231205120627.0
007 ta
008 230509b bl.|||p| |||| 00| 00por d
040 _aBR-BrBNA
_bpor
_cBiblioteca Nacional de Agricultura
041 _a(Pt)
072 _aQ02; Q04
100 1 _aFroes, L. de O.
100 1 _aFalqueto, M.A.O.
100 1 _aCastro, M.V.L. de
100 1 _aNaves, M.M.V.
245 1 _aGérmen com pericarpo de milho desengordurado na formulação de biscoitos tipo cookie
650 _aMILHO
650 _aSUBPRODUTO
650 _aPERICARPO
650 _aBISCOITO
650 _aFORMULAÇÃO
650 _aPROPRIEDADE ORGANOLÉPTICA
650 _aVALOR NUTRITIVO
650 _aCOMPOSIÇÃO QUÍMICA
773 0 _tCiência Rural (Brazil)
_xISSN 0103-8478
_g(Apr 2012), v. 42(4) p. 744-750
_wBR2012003796
909 _a202311
_bLúcia
_c55
_dLúcia Elande
942 _2AGRIS
_n0
_cANA
999 _c219453
_d219453